| 000 | 00695nam a22001577a 4500 | ||
|---|---|---|---|
| 003 | OSt | ||
| 005 | 20150916154723.0 | ||
| 008 | 150916b xxu||||| |||| 00| 0 eng d | ||
| 040 | _cRUA | ||
| 082 | _aAGR SUN 1999 BOO25 Or.1 | ||
| 100 |
_9610 _aSUN, KONG |
||
| 245 | _aResearch for dtudy and evalution of yweler rubber clone at experimental block 89 d of chup rubber plntation,( ស្រាវជ្រាវពីការសិក្សា និងវាយតំលៃពូជកៅស៊ូទាំង១២ នៅឡូត៍ពិសោធន៍ ៨៩D ចំការកៅស៊ូជុុប). | ||
| 260 |
_aphnom phen _bRUA _c1999 |
||
| 300 |
_a126p. _bill. _c29cm. |
||
| 942 |
_2ddc _cAGR |
||
| 999 |
_c585 _d585 |
||